000 01388nam a2200337 i 4500
003 DO-SdBNP
005 20250318112135.0
007 ta
008 250318s1994 dr 000 0 spa d
040 _aDO-SdBNP
_bspa
_cBNPHU
_erda
082 4 _a343.015
_bR426c, 1994
_222
110 1 _aRepública Dominicana
_9447
240 1 0 _a[Leyes, etc.]
245 1 0 _aCódigo de justicia de las Fuerzas Armadas :
_bleyes que lo modifican y lo complementan (con notas de jurisprudencia) y reglamento militar disciplinario y la ley orgánica de las Fuerzas Armadas /
_cpreparado y anotado por Eugenio José Peláez Ruiz.
250 _aTercera edición
264 1 _aSanto Domingo :
_bEditora Corripio,
_c1994.
300 _a207 páginas
_c23 cm.
336 _atexto
_btxt
_2rdacontent
337 _asin mediación
_bn
_2rdamedia
338 _avolumen
_bnc
_2rdacarrier
500 _aIncluye referencias bibliográficas y notas al pie de las páginas.
590 _aInventariado, 2025/ YL
650 4 _aDisciplina militar
_vREGLAMENTOS
_914488
650 4 _aLeyes
_zRepública Dominicana
_93033
650 4 _aDelitos militares
_914457
651 4 _aRepública Dominicana
_xFuerzas Armadas
_xLegislación
_914456
651 4 _aRepública Dominicana
_xLey 3483-53
_914458
700 1 _aPeláez Ruiz, Eugenio José,
_914459
_epreparación y notas
_4pre., not.
910 _aYLockward
942 _2ddc
_cLBS1
999 _c58454
_d58454